Immunology. (7th ed.) (Record no. 64108)

MARC details
000 -LEADER
fixed length control field 01676nam a2200289 a 4500
008 - FIXED-LENGTH DATA ELEMENTS--GENERAL INFORMATION
fixed length control field 130516s2006 ||||||||||||||||| || u
020 ## - INTERNATIONAL STANDARD BOOK NUMBER
International Standard Book Number 9780323033992
050 ## - LIBRARY OF CONGRESS CALL NUMBER
Classification number QR 181 Imm
100 ## - MAIN ENTRY--PERSONAL NAME
Personal name Roth, David B
245 10 - TITLE STATEMENT
Title Immunology. (7th ed.)
Statement of responsibility, etc. edited by David Male (and others)
250 ## - EDITION STATEMENT
Edition statement 7th ed.
260 ## - PUBLICATION, DISTRIBUTION, ETC.
Place of publication, distribution, etc. Philadelphia:
Name of publisher, distributor, etc. Elsevier
Date of publication, distribution, etc. 2006
300 ## - PHYSICAL DESCRIPTION
Extent x, 552p.: ill.
650 ## - SUBJECT ADDED ENTRY--TOPICAL TERM
Topical term or geographic name entry element CLINICAL IMMUNOLOGY
650 #0 - SUBJECT ADDED ENTRY--TOPICAL TERM
Topical term or geographic name entry element IMMUNOLOGY
650 #3 - SUBJECT ADDED ENTRY--TOPICAL TERM
Topical term or geographic name entry element IMMUNE SYSTEM
650 #3 - SUBJECT ADDED ENTRY--TOPICAL TERM
Topical term or geographic name entry element IMMUNITY
700 ## - ADDED ENTRY--PERSONAL NAME
Personal name Male, David
700 ## - ADDED ENTRY--PERSONAL NAME
Personal name Brostoff, Jonathan
700 ## - ADDED ENTRY--PERSONAL NAME
Personal name Roitt, Ivan
995 ## -
-- MEDICAL LIBRARY OPEN ACCESS
-- 901980
-- CBU-SCHOOL OF MEDICINE LIBRARY (Ndola)
-- QR 181 Imm
-- 2
-- AVAILABLE
-- May 17, 2013
-- 901980
-- Medical Library Open Access Collection
995 ## -
-- MICHAEL CHILUFYA SATA OPEN ACCESS
-- 902026
-- CBU-SCHOOL OF MEDICINE LIBRARY (Ndola)
-- QR 181 Imm
-- 3
-- AVAILABLE
-- May 17, 2013
-- 902026
-- Medical Library Open Access Collection
995 ## -
-- MEDICAL LIBRARY OPEN ACCESS
-- 902302
-- CBU-SCHOOL OF MEDICINE LIBRARY (Ndola)
-- QR 181 Imm
-- 5
-- AVAILABLE
-- Aug 20, 2013
-- 902302
-- Medical Library Open Access Collection
995 ## -
-- MICHAEL CHILUFYA SATA OPEN ACCESS
-- 902027
-- CBU-SCHOOL OF MEDICINE LIBRARY (Ndola)
-- QR 181 Imm
-- 4
-- AVAILABLE
-- May 17, 2013
-- 902027
-- Medical Library Open Access Collection
995 ## -
-- MEDICAL LIBRARY OPEN ACCESS
-- 902303
-- CBU-SCHOOL OF MEDICINE LIBRARY (Ndola)
-- QR 181 Imm
-- 6
-- AVAILABLE
-- Aug 20, 2013
-- 902303
-- Medical Library Open Access Collection
995 ## -
-- MICHAEL CHILUFYA SATA OPEN ACCESS
-- 901979
-- CBU-SCHOOL OF MEDICINE LIBRARY (Ndola)
-- QR 181 Imm
-- 1
-- AVAILABLE
-- May 17, 2013
-- 901979
-- Medical Library Open Access Collection
999 ## -
-- 64108
-- 64108
Holdings
Withdrawn status Lost status Source of classification or shelving scheme Damaged status Not for loan Permanent Location Current Location Shelving location Date acquired Total Checkouts Full call number Barcode Date last seen Copy number Price effective from Koha item type Date last checked out
          CBU-MICHAEL CHILUFYA SATA LIBRARY CBU-MICHAEL CHILUFYA SATA LIBRARY   02/09/2023 1 QR 181 Imm 902026 07/22/2024 2 02/09/2023 MONOGRAPH 05/29/2024
          CBU-MICHAEL CHILUFYA SATA LIBRARY CBU-MICHAEL CHILUFYA SATA LIBRARY   02/09/2023   QR 181 Imm 902027 02/09/2023 4 02/09/2023 MONOGRAPH  
          CBU-MICHAEL CHILUFYA SATA LIBRARY CBU-MICHAEL CHILUFYA SATA LIBRARY   02/09/2023   QR 181 Imm 901979 02/09/2023 6 02/09/2023 MONOGRAPH  
          CBU-SCHOOL OF MEDICINE LIBRARY, NDOLA. CBU-SCHOOL OF MEDICINE LIBRARY, NDOLA.   02/09/2023   QR 181 Imm 901980 02/09/2023 1 02/09/2023 MONOGRAPH  
          CBU-SCHOOL OF MEDICINE LIBRARY, NDOLA. CBU-SCHOOL OF MEDICINE LIBRARY, NDOLA.   02/09/2023   QR 181 Imm 902302 02/09/2023 3 02/09/2023 MONOGRAPH  
          CBU-SCHOOL OF MEDICINE LIBRARY, NDOLA. CBU-SCHOOL OF MEDICINE LIBRARY, NDOLA.   02/09/2023   QR 181 Imm 902303 02/09/2023 5 02/09/2023 MONOGRAPH